000 00375nam a22001577a 4500
003 MPLRDC
005 20220104142617.0
008 210129b ||||| |||| 00| 0 eng d
082 _a802.6 LSX-2
100 _a吕叔湘
245 _a文言虚字
_c
260 _a
_b大光出版社
_c
300 _b
650 _a华文文法、汉语文法
942 _cBK
_o802.6 LSX-2
999 _c32275
_d32265